Normal view
MARC view
- Brownson,Jeffrey.R.S
Entry Personal Name
001 - CONTROL NUMBER
- control field: 411
003 - CONTROL NUMBER IDENTIFIER
- control field: OSt
005 - DATE AND TIME OF LATEST TRANSACTION
- control field: 20160614143729.0
008 - FIXED-LENGTH DATA ELEMENTS
- fixed length control field: 160614|| aca||aabn | a|a d
040 ## - CATALOGING SOURCE
- Original cataloging agency: OSt
- Transcribing agency: OSt
100 ## - HEADING--PERSONAL NAME
- Personal name: Brownson,Jeffrey.R.S
670 ## - SOURCE DATA FOUND
- Source citation: Work cat.: (OSt): Brownson,Jeffrey.R.S, Solar Energy Conversion Systems, 2014
